Proceedings of the 1994 SPE Annual Technical Conference and Exhibition / (Record no. 126220)

MARC details
000 -LEADER
fixed length control field 00764nas a2200217Ia 4500
008 - FIXED-LENGTH DATA ELEMENTS--GENERAL INFORMATION
fixed length control field
049 ## - LOCAL HOLDINGS (OCLC)
Holding library MAIN
090 ## - LOCALLY ASSIGNED LC-TYPE CALL NUMBER (OCLC); LOCAL CALL NUMBER (RLIN)
Classification number (OCLC) (R) ; Classification number, CALL (RLIN) (NR) TN871.15
Local cutter number (OCLC) ; Book number/undivided call number, CALL (RLIN) PRO
003 - CONTROL NUMBER IDENTIFIER
control field
005 - DATE AND TIME OF LATEST TRANSACTION
control field 20230123122016.0
040 ## - CATALOGING SOURCE
Transcribing agency NUST
110 2# - MAIN ENTRY--CORPORATE NAME
Corporate name or jurisdiction name as entry element 1994 SPE Annual Technical Conference and Exhibition.
245 10 - TITLE STATEMENT
Title Proceedings of the 1994 SPE Annual Technical Conference and Exhibition /
Statement of responsibility, etc. Society of Petroleum Engineers (SPE)
260 ## - PUBLICATION, DISTRIBUTION, ETC.
Place of publication, distribution, etc. [Richardson, Texas] :
Name of publisher, distributor, etc. Society of Petroleum Engineers (SPE),
Date of publication, distribution, etc. 1994.
300 ## - PHYSICAL DESCRIPTION
Extent 539 p. ;
Dimensions 28 cm.
490 ## - SERIES STATEMENT
Series statement Reservoir engineering
Volume/sequential designation 1.
500 ## - GENERAL NOTE
General note Each paper has own SPE number.
650 #0 - SUBJECT ADDED ENTRY--TOPICAL TERM
Topical term or geographic name entry element Petroleum engineering
General subdivision Congresses.
907 ## - LOCAL DATA ELEMENT G, LDG (RLIN)
a .b10332728
b 10-06-13
c 10-06-13
942 ## - ADDED ENTRY ELEMENTS (KOHA)
Koha item type Ordinary Loan Books
Call number prefix TN871.15
Call number suffix PRO
Holdings
Date last seen Total Checkouts Full call number Barcode Cost, replacement price Price effective from Koha item type Lost status Source of classification or shelving scheme Damaged status Not for loan Collection Withdrawn status Home library Current library Shelving location Date acquired Cost, normal purchase price
01/23/2023   TN871.15 SOC 92003018648 80.00 01/23/2023 BOOKS   LCC     NFIC   MAIN MAIN GEN 01/23/2023 80.00